000 01082nam a2200313 c 4500
003 BLK
005 20250222164949.0
008 180409b bul|||||r ||||||| ||bul||
010 _aKNG00102808000
020 _a5-89517-149-3
_bиздат.: Подкова
040 _aBLK
041 _aRUS
_cRUS
080 _aРуска литература
_b821.161.1
_x-32
_z821.161.1-32
100 1 _aТолстая, Татьяна Никитична
_eпърви автор
_9307337
139 _aТолстая, Татьяна Никитична
_bТ 67
245 1 0 _aНочь
_bРассказы
_cТатьяна Никитична Толстая.
257 _aRUS
260 Москва
_bПодкова
_c2001
_fЕкатеринбург : ГИПП Уральский рабочий
300 _a432 с.
_c17 см
380 _aX
500 _aОфс. изд. - 50 000 тир.
653 _aразкази
852 _aЦб І 30532
856 4 _qpdf
_u
856 4 _qpdf
_u
942 _cKNG
_n0
_06
944 _aCR
_c01.01.2001
_k30531
_lЦветелина Шанова
944 _aED
_c15.01.2003
_k
999 _c97890
_d97890